LEADER 01040cam0-2200373---450- 001 990004106680403321 005 20120120125644.0 035 $a000410668 035 $aFED01000410668 035 $a(Aleph)000410668FED01 035 $a000410668 100 $a19990604d1969----km-y0itay50------ba 101 0 $aita 102 $aIT 105 $ay-------001yy 200 1 $a<>uomo e la scimmia$fNiccolò Tommaseo$ga cura di Mario Puppo 210 $aMilano$cMarzorati$dc1969 215 $a148 p.$d22 cm 225 1 $aScrittori italiani$iSezione filosofica e pedagogica 610 0 $aUomo 610 0 $aScimmia 676 $a156.2 676 $a575 700 1$aTommaseo,$bNiccolò$f<1802-1874>$0337187 702 1$aPuppo,$bMario$f<1913-1989> 801 0$aIT$bUNINA$gRICA$2UNIMARC 901 $aBK 912 $a990004106680403321 952 $aP.1 PAE 31$bbibl.51862$fFLFBC 952 $aP.1 PAE 31 BIS$bIST.FIL.T.2303$fNAP03 959 $aFLFBC 959 $aNAP03 996 $aUomo e la scimmia$9194679 997 $aUNINA LEADER 01119nam a22002291i 4500 001 991002094509707536 005 20040124080349.0 008 040407s1902 it |||||||||||||||||ita 035 $ab12869855-39ule_inst 035 $aARCHE-084947$9ExL 040 $aDip.to Scienze Storiche$bita$cA.t.i. Arché s.c.r.l. Pandora Sicilia s.r.l. 100 1 $aBeltrani, Giovanni$d<1848-1932>$079457 245 10$aContributo alla storia della Università degli studi in Napoli durante la seconda metà del secolo 18. :$bmemoria letta all'Accademia Pontaniana dal socio Giovanni Beltrani 260 $a[S.l. :$bs.n.,$c1902?] 300 $a37p. ;$c25 cm. 500 $aEstr. da: Atti dell'Accademia Pontaniana, v. 32, memoria n. 12 (1902). 907 $a.b12869855$b02-04-14$c16-04-04 912 $a991002094509707536 945 $aLE009 STOR.MISC. 4/28$g1$i2009000323094$lle009$o-$pE0.00$q-$rn$so $t0$u0$v0$w0$x0$y.i13430774$z16-04-04 996 $aContributo alla storia della Università degli studi in Napoli durante la seconda metà del secolo 18.$9300737 997 $aUNISALENTO 998 $ale009$b16-04-04$cm$da $e-$fita$git $h0$i1 LEADER 05113nam 22006611 450 001 9910971600603321 005 20251117084254.0 010 $a3-03813-509-7 035 $a(CKB)2670000000230079 035 $a(EBL)1872569 035 $a(SSID)ssj0000787353 035 $a(PQKBManifestationID)11466604 035 $a(PQKBTitleCode)TC0000787353 035 $a(PQKBWorkID)10813315 035 $a(PQKB)11772248 035 $a(Au-PeEL)EBL1872569 035 $a(CaPaEBR)ebr10814639 035 $a(OCoLC)868922156 035 $a(MiAaPQ)EBC1872569 035 $a(EXLCZ)992670000000230079 100 $a20110810h20112011 uy 0 101 0 $aeng 135 $aur|n|---||||| 181 $ctxt 182 $cc 183 $acr 200 10$aSolid compounds of transition elements $eselected, peer reviewed papers from the 17th International Conference on Solid Compounds of Transition Elements, (SCTE2010), September 5-10, 2010, Annecy, France /$fedited by J.-L. Bobet, B. Chevalier and D. Fruchart 205 $a1st ed. 210 1$aDurnten-Zurich, Switzerland :$cTrans Tech Publications,$d[2011] 210 4$d©2011 215 $a1 online resource (325 p.) 225 1 $aSolid state phenomena,$x1012-0394 ;$vvolume 170 300 $aDescription based upon print version of record. 311 08$a3-03785-065-5 320 $aIncludes bibliographical references and index. 327 $aSolid Compounds of Transition Elements; Organisation Committee, Sponsors, Preface; Table of Contents; Influence of Co Moment on Magnetic Properties of Co2Sm2W3O14 Tungstate; Electrical Resistivity Anomalies in SbxVyMozOt Phases; Thermally Induced High-Spin Low-Spin Transition in Co[Cr0.5Ga1.5]S4 Spinel; The Atomic Site Occupancies in the Fe-Cr ?-Phase; New Ferromagnetic Chromium Chalcogenides, ACr5Te8 (A = K, Cs and Rb); Optical Characterization of Electronic Structure of CuInS2 and CuAlS2 Chalcopyrite Crystals; Structure and Magnetism of a Novel Nickel Sulfate Ni2-?SO5 327 $aDeposition and Characterization of IrO2 Nanocrystals on Vertically Aligned Carbon Nanotubes by MOCVDElectronic and Magnetic Properties of Ternary Stannides RERhSn (RE = Tb, Dy and Ho); Growth and Characterization of Well-Aligned RuO2/R-TiO2 Heteronanostructures on Sapphire (100) Substrates by Reactive Magnetron Sputtering; Neutron Diffraction Study of the Kondo Systems Ce6Ni1.67Si3 and Ce5Ni1.85Si3; Superconductivity in Fluorine-Arsenide Sr1-xNdxFeAsF; Phase Relation of FeS2-VS2 System and New Phase of Defect Troilite Structure 327 $aMechanochemical Synthesis of Nanocrystalline (Fe,Co)3?4-Based Alloys and their Magnetic PropertiesA New Ternary Phase, Called LaCuMg8, for Solid Hydrogen Storage. Influence of Ball Milling and Cold Rolling; Magnetic Properties of the Gd1-xTbxNi3 Intermetallic Compounds; Magnetic Properties of Fe-Nb-B-Re (Re=Y, Gd) Bulk Nanocrystalline Alloys; Disorder-Sensitive Superconductivity and Bonding Network in the Iron-Silicide Superconductor Lu2Fe3Si5; Some Aspects of the Intercalation Chemistry of the Niobium and Tantalum Carbide Chalcogenides Nb2S2S, Ta2S2C and Ta2Se2C 327 $aMo?ssbauer and Magnetization Measurements of Al3Mn(Pd,Fe) CompoundsThermal Expansion of Oxyarsenides (LaO)TAs; T = Transition Metal; Anisotropy of Photoluminescence in Layered Semiconductors ReS2 and ReS2:Au; Amorphous Shell Formation on the Iron Particles during Mechanosynthesis in Fe2O3/Fe/(Ga,Al) Mixtures; Replacement of Vanadium by Ferrovanadium in Ti-Based BCC Alloys for Hydrogen Storage; Synthesis and Physical Properties of (NaxRE1-x)AlB14 (RE=Li, Mg, Rare Earths) Obtained by Molten Al Flux; Mo?ssbauer Spectroscopic Analysis of Nd2Fe14B/?-Fe Hard Magnetic Nanocomposites 327 $aInfluence of Surface Active Substances on Magnetic Properties of Goethite Nanoparticles 330 $aThis special collection gathers together the newest results on novel classes of materials which contain transition metals. It covers crystal chemistry, chemical bonding and electronic structure, magnetic and electron transport properties, thermo-electrics, hydrides, borides, carbides, silicides, germanides, pnictides, chalcogenides and complexes, metallic alloys and oxides. It will of interest to all those who work with transition metals. Review from Book News Inc.: The 63 papers report on such topics as synthesizing novel chromium oxide using a hydrothermal method and analyzing its magnet 410 0$aDiffusion and defect data.$nPt. B,$pSolid state phenomena ;$vv. 170. 606 $aSolid state physics$vCongresses 606 $aTransition metals$vCongresses 615 0$aSolid state physics 615 0$aTransition metals 676 $a541.0421 701 $aBobet$b J.-L$01871148 701 $aChevalier$b B$01163071 701 $aFruchart$b D$01871149 712 12$aInternational Conference on Solid Compounds of Transition Elements. 801 0$bMiAaPQ 801 1$bMiAaPQ 801 2$bMiAaPQ 906 $aBOOK 912 $a9910971600603321 996 $aSolid compounds of transition elements$94479846 997 $aUNINA